| 000 | 01025cam a2200265 i 4500 | ||
|---|---|---|---|
| 003 | SA-RiAUC | ||
| 005 | 20250102103133.0 | ||
| 008 | 241112s1972 le g 000 0 ara c | ||
| 040 |
_aSA-JeALM _bara _cSA-RiAUC _erda |
||
| 050 | 4 | _b.K45 1972 | |
| 082 | 0 | 4 |
_a251 _qSA-RiAUC |
| 090 |
_a251 _b خ ن |
||
| 100 | 1 |
_aالخن، مصطفى سعيد، _d1923-2008 _eمؤلف. |
|
| 245 | 1 | 0 |
_aأثر الاختلاف في القواعد الأصولية فى اختلاف الفقهاء / _cمصطفى سعيد الخن. |
| 250 | _aالطبعة الثانية ، مزيدة ومنقحة | ||
| 264 | 1 |
_aبيروت : _bمؤسسة الرسالة، _c1981 |
|
| 300 |
_a645 صفحة ؛ _c24 سم |
||
| 336 |
_aنص _btxt _2rdacontent _3كتاب |
||
| 337 |
_aبدون وسيط _bn _2rdamedia |
||
| 338 |
_aمجلد _bnc _2rdacarrier |
||
| 650 | 7 |
_aالاختلاف (فقه إسلامي) _2aucsh |
|
| 650 | 7 |
_aأصول الفقه الإسلامي _2aucsh |
|
| 942 |
_2ddc _cBOOK _n0 |
||
| 949 |
_aSA-JeALM _d241112 _ukhaled123 _n1 |
||
| 999 |
_c4372 _d4372 |
||